Đọc lại thơ Thâm Tâm /

محفوظ في:
التفاصيل البيبلوغرافية
المؤلف الرئيسي: Bùi Văn Trọng Cường.
التنسيق: مقال
اللغة:Vietnamese
الموضوعات:
الوسوم: إضافة وسم
لا توجد وسوم, كن أول من يضع وسما على هذه التسجيلة!
Thư viện lưu trữ: Thư viện Trường Đại học Đà Lạt
LEADER 00754nam a2200265 4500
001 DLU090073671
005 ##20090515
040 # # |a DLU  |b vie 
041 # # |a vie 
044 # # |a vn 
100 # # |a Bùi Văn Trọng Cường.  
245 # # |a Đọc lại thơ Thâm Tâm /  |c Bùi Văn Trọng Cường. 
653 # # |a Tính dân tộc 
653 # # |a Thâm Tâm, 1917-1950  
653 # # |a Văn học lãng mạn 
773 # # |t Tạp chí văn học  |g Số 1, 1996, tr.44-45 
920 # # |a Phòng Tạp chí -- Trung tâm Thông tin - Thư viện Trường Đại học Đà Lạt 
994 # # |a DLU 
900 # # |a True 
911 # # |a Nguyễn Thị Linh Chi 
925 # # |a G 
926 # # |a A 
927 # # |a BB 
980 # # |a Thư viện Trường Đại học Đà Lạt